| 000 | 00352nam a2200157Ia 4500 | ||
|---|---|---|---|
| 100 | _aStauffer/Matt | ||
| 650 | _aLaravel | ||
| 942 | _cBK | ||
| 366 | _f20 | ||
| 654 | _aLaravel | ||
| 245 | _aLaravel Up and running: Framework for building modern PHP APPS | ||
| 260 |
_bOreilly _c2017 |
||
| 082 |
_a5.133 _bSTA |
||
| 300 | _a431 | ||
| 546 | _aENGLISH | ||
| 999 |
_c28273 _d28273 |
||